Subdivisions of the United States - Statistics

General Stats
  • This quiz has been taken 31 times
  • The average score is 33 of 50
Answer Stats
Answer % Correct
New York
88%
Alabama
81%
Florida
81%
Maine
81%
New Hampshire
81%
North Carolina
81%
Arizona
75%
Arkansas
75%
California
75%
Georgia
75%
Hawaii
75%
Illinois
75%
Kansas
75%
Kentucky
75%
Massachusetts
75%
Missouri
75%
New Mexico
75%
North Dakota
75%
Colorado
69%
Idaho
69%
Louisiana
69%
Maryland
69%
Michigan
69%
Minnesota
69%
Mississippi
69%
Nevada
69%
New Jersey
69%
Ohio
69%
Oregon
69%
South Carolina
69%
Vermont
69%
Virginia
69%
Alaska
63%
Indiana
63%
Iowa
63%
Nebraska
63%
Oklahoma
63%
South Dakota
63%
Tennessee
63%
Texas
63%
Washington
63%
West Virginia
63%
Montana
56%
Utah
56%
Wisconsin
56%
Wyoming
56%
Delaware
50%
Rhode Island
50%
Conneticut
19%
Pennsylavania
6%
No matching quizzes found
Score Distribution
Percent of People with Each Score
Percentile by Number Answered
Your Score History
You have not taken this quiz